00852nam a2200205Ia 4500003000900000008004100009020002200050040001600072080002600088111003100114245027300145250001200418260005000430300002300480650003700503650003000540650002600570700002700596700002300623IN-BaIIA211028s9999 xx 000 0 eng d a978-0-7354-0443-4 cIIA Library a523.9-466(082.1)bTUR n6thcOahud2007 Mar. 16-22 0aTurbulence and nonlinear processes in astrophysical plasmasbproceedings of the 6th annual international Astrophysics Conference on turbulence and nonlinear processes in astrophysical plasmas, held in Oahu, Hawaii, 16-22 March 2007cedited by Shaikh, Dastgeer..[et.al] a6th ed. aMelvillebAmerican Institute of Physicsc2007 a[various pagings.] aAstrophysical plasmas-Congresses aPlasma Physics-Congresses aTurbulence-Congresses aShaikh, Dastgeer., ed. aZank, Gary P., ed.